The unfolding and determinacy theorems for subgroups of A and K
Saved in:
| Main Author: | |
|---|---|
| Format: | Book |
| Language: | English |
| Published: |
Providence, R.I., USA :
American Mathematical Society,
c1984
|
| Series: | Memoirs of the American Mathematical Society ;
; 306 |
| Subjects: | |
| Tags: |
Add Tag
No Tags, Be the first to tag this record!
|
MARC
| LEADER | 00000cam a2200000 i 4500 | ||
|---|---|---|---|
| 001 | 1/49998 | ||
| 008 | 941103s1984 eng d | ||
| 020 | |a 082182306X | ||
| 035 | |l 10043764 | ||
| 035 | |a 1994 | ||
| 040 | |a GR-MY-UA |b gre |e aacr | ||
| 041 | 0 | |a eng | |
| 082 | 0 | |a 514.74 | |
| 100 | 1 | |a Damon, James |d 1945- | |
| 245 | 1 | 4 | |a The unfolding and determinacy theorems for subgroups of A and K / |c James Damon |
| 260 | |a Providence, R.I., USA : |b American Mathematical Society, |c c1984 | ||
| 300 | |a x, 88 p.; |b ill.; |c 26 cm | ||
| 490 | 1 | |a Memoirs of the American Mathematical Society |v ; 306 | |
| 500 | |a "Volume 50, number 306 (end of volume)" | ||
| 504 | |a Bibliography: p. 87-88 | ||
| 650 | 0 | 0 | |a Differentiable mappings. |
| 650 | 0 | 0 | |a Singularities (Mathematics) |
| 650 | 0 | 0 | |a Germs (Mathematics) |
| 650 | 0 | 0 | |a Equivalence relations (Set theory) |
| 830 | 0 | |a Memoirs of the American Mathematical Society ; |v ; 306 | |
| 852 | |a INST |b SAMOS |e 19941103 |h 514.74 DAM |p 005300007543 |q 005300007543 |t BK |y 0 | ||
| 909 | |a Σ |b 033686 | ||